00701 2200217 4500001002100000005001700021008004100038035002400079082001000103090002100113100002900134245012500163260002800288300002700316500007400343500002500417650001100442850000900453985000600462999001500468YOGYA-0209000007180620090227093557.0 ind  0010-020900000071806 a332.7 a332.7bKus PlSK aKUSUMARINI, Sussana Dewi aPerkembangan kredit perbankan di Propinsi Daerah Istimewa Yogyakarta tahun 1983-tahun 1994coleh Sussana Dewi Kusumarini aYogyakartab[s.n]c1995 ax,64lembarbilusc29cm aSkripsi jurusan ilmu ekonomi Sekolah Tinggi Ilmu Kerjasama Yogyakarta aBibiografi:lembar 55 akredit aBPAD a1 a08A0035730